مكتبة جامعة عجلون الوطنية

فهرس بحث المكتبة

التوثيق الالكتروني واثره على الاستقرار المعاملات في المصارف الاسلامية الاردنية = Electronic Documentation and its impact onTransaction Stability in Jordanian Islamic Banks / (Record no. 33304)

MARC details
000 -LEADER
fixed length control field 01247nam a22002297a 4500
003 - CONTROL NUMBER IDENTIFIER
control field JO-AjAnu
005 - DATE AND TIME OF LATEST TRANSACTION
control field 20240605133807.0
008 - FIXED-LENGTH DATA ELEMENTS--GENERAL INFORMATION
fixed length control field 231213b jo ||||| |||| 00| 0 ara d
040 ## - CATALOGING SOURCE
Original cataloging agency JO-AjAnu
Language of cataloging ara
Transcribing agency JO-AjAnu
Modifying agency JO-AjAnu
Description conventions rda
041 #0 - LANGUAGE CODE
Language code of text/sound track or separate title ara
Language code of original ara
050 ## - LIBRARY OF CONGRESS CALL NUMBER
Classification number BP173.755
Item number 2021
100 #1 - MAIN ENTRY--PERSONAL NAME
Personal name العنانزه، محمد حسين
9 (RLIN) 65029
Relator term معد
245 #0 - TITLE STATEMENT
Title التوثيق الالكتروني واثره على الاستقرار المعاملات في المصارف الاسلامية الاردنية = Electronic Documentation and its impact onTransaction Stability in Jordanian Islamic Banks /
Statement of responsibility, etc. اعداد محمد حسين العنانزه؛ اشراف قاسم ابو عيد
260 ## - PUBLICATION, DISTRIBUTION, ETC.
Date of publication, distribution, etc. 2021
300 ## - PHYSICAL DESCRIPTION
Extent 185 ورقة
500 ## - GENERAL NOTE
General note رسالة جامعية (رسالة ماجستير) .- جامعة عجلون الوطنية (عجلون،الاردن)، كلية الاعمال، قسم المصارف الاسلامية، 2021.
501 ## - WITH NOTE
With note تحتوي على ملاحق
504 ## - BIBLIOGRAPHY, ETC. NOTE
Bibliography, etc. note تحتوي على مراجع باللغتين العربية والانجليزية
650 40 - SUBJECT ADDED ENTRY--TOPICAL TERM
Topical term or geographic name entry element المصارف الاسلامية-الاردن.
9 (RLIN) 65031
700 #1 - ADDED ENTRY--PERSONAL NAME
Personal name ابو عيد، قاسم
9 (RLIN) 65032
Relator term مشرف
942 ## - ADDED ENTRY ELEMENTS (KOHA)
Source of classification or shelving scheme Library of Congress Classification
Koha item type Thesis
Suppress in OPAC No
Holdings
Withdrawn status Lost status Source of classification or shelving scheme Damaged status Not for loan Home library Current library Date acquired Total Checkouts Full call number Barcode Date last seen Price effective from Koha item type
    Library of Congress Classification     مكتبة جامعة عجلون الوطنية مكتبة جامعة عجلون الوطنية 02/07/2024   BP173.755 2021 A27683 13/12/2023 02/07/2024 Thesis
    Library of Congress Classification     مكتبة جامعة عجلون الوطنية مكتبة جامعة عجلون الوطنية 02/07/2024   BP173.755 2021 a27682 02/07/2024 02/07/2024 Thesis